Pan-Slavic flags - Statistics

General Stats
  • This quiz has been taken 40 times
  • The average score is 9 of 10
Answer Stats
Picture Hint Answer % Correct
Czech Republic
100%
Slovakia
100%
Slovenia
100%
Croatia
97%
Russia
97%
Serbia
91%
Former country (1945–92) Yugoslavia
85%
Former flag (1910–16) Montenegro
76%
Former country (1992–2006) Serbia and Montenegro
68%
Former country (1918–41) Yugoslavia
62%
No matching quizzes found
Score Distribution
Percent of People with Each Score
Percentile by Number Answered
Your Score History
You have not taken this quiz